|
|
|
|
| LEADER |
01198nam a2200265 a 4500 |
| 001 |
GR-Patra14780 |
| 008 |
020826s2000 gr e 000 0 gre d |
| 040 |
|
|
|a GrPaTEI
|b gre
|c GR-PaULI
|
| 040 |
|
|
|a GrPaTEI
|b gre
|c GR-PaULI
|
| 082 |
|
0 |
|a 370.15
|2 21
|
| 100 |
1 |
|
|a Abercrombie, M. L. J.
|q (Minnie Louie Johnson),
|d 1909-1984
|
| 245 |
1 |
0 |
|a Δημιουργική διδασκαλία και μάθηση :
|b Η ανατομία της σκέψης /
|c M.L.J. Abercrombie ; Μετάφραση: Ευδ. Μπακαλάκη ; Πρόλογος: Χρ. Π. Φράγκος.
|
| 260 |
|
|
|a Αθήνα :
|b Gutenberg,
|c 2000
|
| 300 |
|
|
|a 149σ.
|
| 490 |
0 |
|
|a Παιδαγωγική σειρά
|
| 504 |
|
|
|a Βιβλιογραφία: σ.147-149
|
| 650 |
|
4 |
|a Διδασκαλία
|
| 650 |
|
4 |
|a ΜΑΘΗΣΗ
|
| 650 |
|
4 |
|a ΣΚΕΨΗ
|
| 700 |
1 |
|
|a Μπακαλάκη, Ευδοκία
|
| 700 |
1 |
|
|a Φράγκος, Χρήστος Π.,
|d 1927-
|
| 942 |
|
|
|2 ddc
|
| 952 |
|
|
|0 0
|1 0
|2 ddc
|4 0
|6 370_150000000000000_ABE
|7 0
|9 293718
|a LISK
|b LISK
|c BSC
|d 2021-01-17
|e 24
|f 0
|g 0.00
|l 0
|o 370.15 ABE
|p 92410017086
|r 2021-01-17 00:00:00
|t 1
|w 2021-01-17
|y BK15
|x 20020826 0 1
|x GrPaTEI
|
| 971 |
|
|
|a .b26622956
|b 15-04-20
|c 23-09-16
|
| 999 |
|
|
|c 171661
|d 171661
|